[Event "bosnjaci18"]
[Site "Bosnjaci"]
[Date "2018.01.09"]
[Round "9.1"]
[White "Cabarkapa, Novak"]
[Black "Jovanovic, Zoran"]
[Result "1-0"]
[WhiteElo "2441"]
[BlackElo "2535"]
[PlyCount "163"]
[EventDate "2018.??.??"]

1. b3 e5 2. Bb2 d6 3. e3 Nf6 4. d4 exd4 5. Qxd4 Nc6 6. Qd2 d5 7. Bb5 Ne4 8. Qd4
Qd7 9. Qd1 a6 10. Bd3 Bb4+ 11. c3 Be7 12. Nd2 Nxd2 13. Qxd2 b6 14. Nf3 Bf6 15.
O-O-O Bb7 16. Qc2 Ne7 17. e4 Qg4 18. e5 Bg5+ 19. Kb1 Bh6 20. h3 Qd7 21. c4 c5
22. Bxh7 d4 23. Be4 Bxe4 24. Qxe4 Qc6 25. Rhe1 Qxe4+ 26. Rxe4 Nc6 27. Ne1 a5
28. a4 Kd7 29. Nd3 Rae8 30. Rde1 g6 31. Bc1 Bxc1 32. Kxc1 Nb4 33. Nb2 Rh5 34.
Kd2 Re6 35. f3 Re8 36. Nd1 Na2 37. Rf4 Rf5 38. Rxf5 gxf5 39. Nf2 Nb4 40. g4 Ke6
41. h4 Rh8 42. h5 Rg8 43. h6 fxg4 44. Nxg4 Rh8 45. Rh1 Kf5 46. h7 Nc6 47. Rh6
Nd8 48. Kd3 Kf4 49. Rh5 Kxf3 50. Nf6 Kf4 51. Nd5+ Kg4 52. Rh1 Kf5 53. Nxb6 Ne6
54. Nd7 Kg6 55. Nf6 Kf5 56. Nd7 Kg6 57. Nf6 Kf5 58. Rh5+ Kf4 59. Nd5+ Kg4 60.
Nf6+ Kf4 61. Ne4 Kg4 62. Rh6 Nf4+ 63. Kd2 Ne6 64. Nd6 Ng5 65. Kd3 Rxh7 66. Rxh7
Nxh7 67. Nxf7 Nf8 68. Ke4 Ne6 69. Nd6 Ng5+ 70. Kd3 Ne6 71. Nb7 Kf5 72. Nxa5 Nd8
73. b4 cxb4 74. Kxd4 Ne6+ 75. Kd5 Nc7+ 76. Kd6 Ne8+ 77. Kd7 Ng7 78. c5 Ne6 79.
Kd6 Nd4 80. c6 b3 81. Nxb3 Nxb3 82. c7 1-0

[Event "bosnjaci18"]
[Site "Bosnjaci"]
[Date "2018.01.09"]
[Round "9.3"]
[White "Muha, Miljenko"]
[Black "Tica, Sven"]
[Result "1/2-1/2"]
[WhiteElo "2371"]
[BlackElo "2441"]
[PlyCount "141"]
[EventDate "2018.??.??"]

1. d4 d5 2. c4 e6 3. Nc3 a6 4. cxd5 exd5 5. Nf3 Nf6 6. Bg5 Be6 7. e3 Nbd7 8.
Bd3 Bd6 9. O-O O-O 10. Rc1 h6 11. Bh4 Qe7 12. Bb1 Rfe8 13. Qd3 Qf8 14. Rfe1 g6
15. Qd1 c6 16. Bd3 Kg7 17. Qc2 Rac8 18. Qb1 Nh5 19. Nd2 g5 20. Bg3 Nxg3 21.
hxg3 f5 22. Nf3 Rc7 23. a3 Qf6 24. b4 Nf8 25. Ne5 Bxe5 26. dxe5 Qxe5 27. Ne2
Rf7 28. a4 Nd7 29. Nd4 Qf6 30. Be2 Rff8 31. Nxe6+ Qxe6 32. Red1 Rc8 33. Qb2+
Qf6 34. Qa2 Nb6 35. b5 axb5 36. axb5 Rf7 37. bxc6 bxc6 38. Qa6 Qd8 39. Qa1+ Qf6
40. Qa6 Qd8 41. Qa1+ Rf6 42. Qd4 Nd7 43. g4 Qb6 44. gxf5 Qxd4 45. Rxd4 Rd6 46.
e4 Re8 47. Bf3 g4 48. Bxg4 Rxe4 49. Rxe4 dxe4 50. Be2 Kf6 51. f3 Kxf5 52. fxe4+
Kf4 53. Kf2 Ne5 54. Rh1 Kxe4 55. Rh4+ Kd5 56. Rh5 c5 57. g4 Rg6 58. Ke3 Rg5 59.
Rxh6 Rxg4 60. Rh8 Re4+ 61. Kd2 Ra4 62. Bb5 Ra5 63. Rd8+ Ke4 64. Bf1 Ra2+ 65.
Kc3 Ra3+ 66. Kc2 Rg3 67. Ba6 Rg7 68. Bd3+ Ke3 69. Rd5 Nd7 70. Bb5 Rg2+ 71. Kb3
1/2-1/2

[Event "bosnjaci18"]
[Site "Bosnjaci"]
[Date "2018.01.09"]
[Round "9.4"]
[White "Radovanovic, Nikola"]
[Black "Sertic, Rudolf"]
[Result "1/2-1/2"]
[WhiteElo "2441"]
[BlackElo "2365"]
[PlyCount "64"]
[EventDate "2018.??.??"]

1. d4 Nf6 2. c4 c5 3. d5 b5 4. cxb5 a6 5. e3 g6 6. Nc3 d6 7. Nf3 Bg7 8. a4 O-O
9. e4 axb5 10. Bxb5 Ba6 11. Bxa6 Nxa6 12. O-O Nd7 13. Qe2 Qb6 14. Nd2 Nc7 15.
Nc4 Qa6 16. Bd2 Rfb8 17. Ra3 Rb7 18. Nb5 Bxb2 19. Nxb2 Rxb5 20. Bc3 Rab8 21.
Qc2 R5b7 22. Rfa1 Nb6 23. R3a2 Nc4 24. Nd1 Na5 25. Ne3 Nc4 26. Nd1 f6 27. f4
Rb3 28. h3 R3b7 29. Kh2 Na5 30. Ne3 Nc4 31. Nd1 Na5 32. Ne3 Nc4 1/2-1/2

[Event "bosnjaci18"]
[Site "Bosnjaci"]
[Date "2018.01.09"]
[Round "9.5"]
[White "Zaja, Ivan"]
[Black "Babic, Zvonko"]
[Result "1-0"]
[WhiteElo "2454"]
[BlackElo "2221"]
[PlyCount "45"]
[EventDate "2018.??.??"]

1. d4 d5 2. Nf3 Nf6 3. Bg5 e6 4. e3 c5 5. Nbd2 Nc6 6. c3 h6 7. Bh4 Bd6 8. Bd3
O-O 9. Bg3 Re8 10. Ne5 Bxe5 11. dxe5 Nd7 12. Qh5 Qg5 13. Qxg5 hxg5 14. f4 d4
15. Ne4 gxf4 16. exf4 f6 17. Nd6 Re7 18. Bh4 dxc3 19. bxc3 Rb8 20. O-O-O b6 21.
Bb5 Ncxe5 22. fxe5 Nxe5 23. Bg3 1-0

[Event "bosnjaci18"]
[Site "Bosnjaci"]
[Date "2018.01.09"]
[Round "9.6"]
[White "Klasan, Vladimir"]
[Black "Karabaic, Ivan"]
[Result "1-0"]
[WhiteElo "2389"]
[BlackElo "2182"]
[PlyCount "97"]
[EventDate "2018.??.??"]

1. e4 d5 2. exd5 Qxd5 3. Nc3 Qd6 4. d4 Nf6 5. Nf3 c6 6. Ne5 Nbd7 7. Nc4 Qc7 8.
Qf3 Nb6 9. Bf4 Qd7 10. O-O-O Qg4 11. Qxg4 Bxg4 12. f3 Be6 13. Nxb6 axb6 14. Bc7
b5 15. d5 Bd7 16. a3 g6 17. Be5 Bg7 18. Kb1 Rd8 19. Be2 O-O 20. Rhe1 Rfe8 21.
f4 Nxd5 22. Bxg7 Kxg7 23. Nxd5 cxd5 24. Rxd5 Bc6 25. Rc5 Rd2 26. g3 Red8 27.
Bxb5 Bxb5 28. Rxb5 R8d7 29. Rbe5 e6 30. R1e2 R2d6 31. b4 Kf6 32. Kb2 h5 33. Kb3
Ke7 34. a4 Kd8 35. a5 Kc7 36. b5 Rd1 37. Rc5+ Kd6 38. Kc4 h4 39. Re3 h3 40.
Rd3+ Rxd3 41. cxd3 f6 42. a6 bxa6 43. Rc6+ Ke7 44. bxa6 Rd5 45. Rc5 Rd8 46. a7
Kd6 47. Kb5 Ra8 48. Rc6+ Kd5 49. Ra6 1-0

[Event "bosnjaci18"]
[Site "Bosnjaci"]
[Date "2018.01.09"]
[Round "9.7"]
[White "Ascic, Pero"]
[Black "Tomas, Ante"]
[Result "1-0"]
[WhiteElo "2323"]
[BlackElo "2124"]
[PlyCount "103"]
[EventDate "2018.??.??"]

1. e4 d6 2. d4 Nf6 3. Nc3 g6 4. f4 Bg7 5. e5 Nfd7 6. Nf3 O-O 7. Qe2 c5 8. dxc5
Nxc5 9. Be3 Qa5 10. Qb5 Qxb5 11. Nxb5 Nba6 12. O-O-O dxe5 13. Nxe5 Bxe5 14.
fxe5 Bg4 15. Rd4 Bf5 16. Be2 Ne6 17. Rc4 Rfc8 18. Nxa7 Rxc4 19. Bxc4 Nb4 20.
Bb3 Be4 21. Rg1 Nf4 22. Bxf4 Rxa7 23. a3 Nd5 24. Bh6 b5 25. Rd1 e6 26. g3 Ra8
27. Rd4 Bf3 28. h4 Ne7 29. Bf4 Kg7 30. Rd6 Nd5 31. Kd2 h6 32. c3 Rh8 33. c4
bxc4 34. Bxc4 g5 35. hxg5 hxg5 36. Bxd5 Rh2+ 37. Kc3 Bxd5 38. Bxg5 Kg6 39. Bf4
Kf5 40. a4 Be4 41. a5 Rc2+ 42. Kb3 Rc8 43. Kb4 f6 44. exf6 e5 45. Bh6 Rb8+ 46.
Ka3 Kg6 47. Be3 Bc2 48. b4 e4 49. a6 Bd3 50. a7 Ra8 51. Ka4 Kf7 52. b5 1-0

[Event "bosnjaci18"]
[Site "Bosnjaci"]
[Date "2018.01.09"]
[Round "9.8"]
[White "Bobanac, Miro"]
[Black "Goric, Esad"]
[Result "1/2-1/2"]
[WhiteElo "2297"]
[BlackElo "2263"]
[PlyCount "60"]
[EventDate "2018.??.??"]

1. b3 e6 2. Bb2 Nf6 3. e3 Be7 4. Nc3 c5 5. Nf3 O-O 6. d4 cxd4 7. Nxd4 Nc6 8. g4
Qa5 9. a3 Nxd4 10. Qxd4 Qc5 11. Qxc5 Bxc5 12. g5 Ne8 13. h4 Be7 14. Bd3 b6 15.
Ke2 Bb7 16. Rhg1 Rc8 17. f4 f5 18. Raf1 Nd6 19. a4 Ne4 20. Nd1 Rc7 21. Be5 d6
22. Bd4 Rfc8 23. c4 d5 24. Nb2 Ba6 25. Ra1 Bb4 26. Rgc1 Nc5 27. Bxc5 Rxc5 28.
Kd1 Rd8 29. Ke2 Rdc8 30. Kd1 Rd8 1/2-1/2

[Event "bosnjaci18"]
[Site "Bosnjaci"]
[Date "2018.01.09"]
[Round "9.9"]
[White "Mahmutbegovic, Muharem"]
[Black "Petrusic, Toni"]
[Result "0-1"]
[WhiteElo "2033"]
[BlackElo "2278"]
[PlyCount "180"]
[EventDate "2018.??.??"]

1. e4 c5 2. Nf3 g6 3. d4 cxd4 4. Nxd4 Nc6 5. Be3 Bg7 6. Nc3 Nf6 7. Bc4 Qa5 8.
O-O O-O 9. Kh1 d6 10. f3 Bd7 11. Qd2 Rfc8 12. Bb3 a6 13. Nxc6 Bxc6 14. Rad1 b5
15. Qf2 Qc7 16. Rfe1 a5 17. a4 bxa4 18. Nxa4 Bxa4 19. Bxa4 Rab8 20. c3 Nd7 21.
Bxd7 Qxd7 22. Bd4 Bxd4 23. Rxd4 Qb5 24. Rd2 a4 25. Ra1 Rb7 26. h3 Rc4 27. Qe3
Qc6 28. Ra3 Kg7 29. Kg1 f6 30. Qd3 Rc5 31. Kh1 Qb5 32. Qxb5 Rcxb5 33. Rxa4 Rxb2
34. Ra2 Rb1+ 35. Kh2 Rc7 36. Rac2 Rb3 37. Rd3 f5 38. Kg3 Kf6 39. Kf4 Rc4 40.
Ke3 fxe4 41. fxe4 Ra3 42. Kf3 h6 43. Ke3 Ke6 44. Kf3 Raa4 45. Re2 Kf6 46. g3
Ke6 47. Kf4 Kf6 48. Kf3 Ra5 49. Kf2 Rac5 50. Ree3 Ke5 51. Kf3 e6 52. Ke2 Rc8
53. Kf3 R8c6 54. h4 Rc8 55. Ke2 Ra8 56. Rd2 Ra3 57. Rdd3 Ra2+ 58. Kf3 Rc2 59.
g4 g5 60. h5 Rc1 61. Ke2 Rg1 62. Kf3 Rf1+ 63. Kg3 Rf4 64. Re1 Rfxe4 65. Rxe4+
Rxe4 66. Kf3 d5 67. Rd1 Rf4+ 68. Kg3 Rc4 69. Rd3 Ke4 70. Rf3 e5 71. Rf6 Rxc3+
72. Kg2 d4 73. Rxh6 Kf4 74. Re6 Rg3+ 75. Kf2 Rxg4 76. Rf6+ Ke4 77. h6 Rh4 78.
Ra6 Kf5 79. Rd6 g4 80. Kg3 Rh3+ 81. Kf2 Kf4 82. Rf6+ Kg5 83. Re6 Kf4 84. Rf6+
Ke4 85. Rg6 Kd5 86. Kg2 d3 87. Kf2 e4 88. Rxg4 e3+ 89. Kf1 e2+ 90. Kf2 Rh2+ 0-1

[Event "bosnjaci18"]
[Site "Bosnjaci"]
[Date "2018.01.09"]
[Round "9.10"]
[White "Samblic, Silvano"]
[Black "Stocko, Josip"]
[Result "0-1"]
[WhiteElo "2015"]
[BlackElo "2308"]
[PlyCount "78"]
[EventDate "2018.??.??"]

1. e4 c5 2. Nc3 d6 3. d3 g6 4. Be3 Bg7 5. Qd2 Nc6 6. h4 h5 7. Be2 Rb8 8. Nf3
Nd4 9. Nd1 b6 10. c3 Nxe2 11. Qxe2 Nf6 12. Bf4 O-O 13. Ne3 Ra8 14. Ng5 d5 15.
e5 d4 16. exf6 exf6 17. Ne4 dxe3 18. f3 Ba6 19. O-O-O Re8 20. Nd6 Re6 21. g4
Rxd6 22. Bxd6 Qxd6 23. gxh5 Bh6 24. hxg6 fxg6 25. h5 g5 26. Qxe3 Qf4 27. Qxf4
gxf4 28. Rhg1+ Kf7 29. d4 Be2 30. Rd2 Bxf3 31. dxc5 bxc5 32. Rd7+ Ke6 33. Rc7
Be4 34. b4 f3+ 35. Kb2 cxb4 36. Rc4 Bd3 37. Rc6+ Kf5 38. Rg3 Be4 39. Rc4 f2 0-1

[Event "bosnjaci18"]
[Site "Bosnjaci"]
[Date "2018.01.09"]
[Round "9.11"]
[White "Popovic, Milan S"]
[Black "Fridl, Miroslav"]
[Result "1-0"]
[WhiteElo "2264"]
[BlackElo "1989"]
[PlyCount "117"]
[EventDate "2018.??.??"]

1. e4 c5 2. Nf3 d6 3. d4 cxd4 4. Qxd4 a6 5. h3 Nc6 6. Qe3 g6 7. c4 Bh6 8. Qc3
Qa5 9. Qxa5 Nxa5 10. Bxh6 Nxh6 11. Nc3 Be6 12. b3 f6 13. Nd4 Bd7 14. Nd5 Rc8
15. Be2 Nc6 16. O-O-O Nxd4 17. Rxd4 a5 18. Kb2 Nf7 19. Rhd1 h5 20. a3 g5 21.
Rh1 Bc6 22. h4 g4 23. Rg1 Ne5 24. f4 gxf3 25. gxf3 Kf7 26. f4 Nd7 27. Nc3 Rcg8
28. Rxg8 Kxg8 29. b4 axb4 30. axb4 b6 31. Rd1 Nf8 32. b5 Bb7 33. e5 dxe5 34.
fxe5 fxe5 35. Na4 Rh6 36. Rg1+ Kf7 37. Rg5 Nd7 38. Bxh5+ Kf6 39. Be8 Rxh4 40.
Rg6+ Kf5 41. Rg7 Rxc4 42. Bxd7+ Kf6 43. Rg4 e4 44. Nxb6 Rd4 45. Rh4 Ke5 46. Be8
Kd6 47. Kc3 Rd3+ 48. Kb4 Kc7 49. Nc4 Bd5 50. Rh5 Rd4 51. Kc5 Rxc4+ 52. Kxd5 Rb4
53. Re5 Kd8 54. Bc6 Ra4 55. Kc5 Ra1 56. Rxe4 Rd1 57. Rd4+ Rxd4 58. Kxd4 Kc7 59.
Ke4 1-0

[Event "bosnjaci18"]
[Site "Bosnjaci"]
[Date "2018.01.09"]
[Round "9.14"]
[White "Ascic, Anto"]
[Black "Dabic, Stjepan"]
[Result "1/2-1/2"]
[WhiteElo "2122"]
[BlackElo "1949"]
[PlyCount "34"]
[EventDate "2018.??.??"]

1. d4 Nf6 2. c4 g6 3. Nc3 Bg7 4. e4 d6 5. Be2 O-O 6. Bg5 c6 7. Nf3 Qc7 8. Qd2
Re8 9. O-O Nbd7 10. b4 e5 11. d5 c5 12. a3 a6 13. Rac1 b6 14. h3 Nf8 15. Bh6
Bh8 16. bxc5 bxc5 17. Ng5 N6d7 1/2-1/2

[Event "bosnjaci18"]
[Site "Bosnjaci"]
[Date "2018.01.09"]
[Round "9.15"]
[White "Mican, Mato"]
[Black "Jelecevic, Ivo"]
[Result "1-0"]
[WhiteElo "1938"]
[BlackElo "2102"]
[PlyCount "57"]
[EventDate "2018.??.??"]

1. e4 c5 2. Nc3 a6 3. g3 b5 4. Bg2 Bb7 5. Nge2 e6 6. O-O b4 7. Na4 Nf6 8. d3 d6
9. b3 Nbd7 10. Bb2 Qc7 11. f4 Be7 12. h3 O-O 13. g4 Ne8 14. Ng3 Bc6 15. g5 f5
16. exf5 exf5 17. Bxc6 Qxc6 18. Qe2 Rf7 19. Nxf5 Bf8 20. Qg4 d5 21. Rae1 Nc7
22. Bxg7 Bxg7 23. Ne7+ Rxe7 24. Rxe7 Nf8 25. f5 Bd4+ 26. Kg2 Nb5 27. Qh5 Nd6
28. f6 c4 29. Qh6 1-0

[Event "bosnjaci18"]
[Site "Bosnjaci"]
[Date "2018.01.09"]
[Round "9.16"]
[White "Golubicic, Luka"]
[Black "Ljikar, Zoran"]
[Result "0-1"]
[WhiteElo "1954"]
[BlackElo "2192"]
[PlyCount "38"]
[EventDate "2018.??.??"]

1. c4 e5 2. Nc3 Nc6 3. g3 g6 4. Bg2 Bg7 5. d3 d6 6. Nf3 f5 7. h4 h6 8. Bd2 Nf6
9. a3 a5 10. Qc2 O-O 11. Nd5 Be6 12. e4 fxe4 13. dxe4 Bg4 14. Nh2 Nd4 15. Qc3
Be6 16. Be3 Nd7 17. Bd2 Nc5 18. Ne3 Qd7 19. Bf1 Nxe4 0-1

[Event "bosnjaci18"]
[Site "Bosnjaci"]
[Date "2018.01.09"]
[Round "9.17"]
[White "Vukovic, Ivo"]
[Black "Tucakovic, Zdravko"]
[Result "1/2-1/2"]
[WhiteElo "2034"]
[BlackElo "1953"]
[PlyCount "103"]
[EventDate "2018.??.??"]

1. Nf3 c5 2. b3 Nf6 3. Bb2 e6 4. d3 d5 5. Nbd2 Nc6 6. g3 Be7 7. Bg2 Qc7 8. O-O
b5 9. e4 d4 10. a4 Rb8 11. axb5 Rxb5 12. Nc4 e5 13. Nfd2 O-O 14. h3 Nb4 15. Bc1
Ne8 16. Nf3 f6 17. Bd2 Be6 18. Kh2 Bxc4 19. dxc4 Ra5 20. Ne1 Rxa1 21. Qxa1 a5
22. Qa4 Nd6 23. Bxb4 axb4 24. Nd3 Nc8 25. Ra1 Nb6 26. Qa2 Ra8 27. Qb2 Rxa1 28.
Qxa1 g6 29. Qa6 Bd6 30. Qa5 Kf7 31. Nb2 Nc8 32. Qxc7+ Bxc7 33. Nd3 Bd6 34. f3
h5 35. Kg1 Ne7 36. Kf2 f5 37. h4 Kf6 38. Bh3 Ng8 39. Kg2 Nh6 40. Nf2 Nf7 41. g4
hxg4 42. fxg4 f4 43. g5+ Ke7 44. Kf3 Kf8 45. Be6 Nh8 46. Bd5 Kg7 47. Ng4 Bc7
48. Nf6 Kf8 49. Ng4 Bd6 50. Nf6 Nf7 51. Bxf7 Kxf7 52. Ng4 1/2-1/2

[Event "bosnjaci18"]
[Site "Bosnjaci"]
[Date "2018.01.09"]
[Round "9.18"]
[White "Zlatarevic, Ivan"]
[Black "Damjanovic, Stjepan"]
[Result "1/2-1/2"]
[WhiteElo "2025"]
[BlackElo "1548"]
[PlyCount "86"]
[EventDate "2018.??.??"]

1. Nf3 d5 2. d4 Nf6 3. c4 e6 4. g3 Be7 5. Bg2 O-O 6. O-O b6 7. Nbd2 Bb7 8. b3
Nbd7 9. Bb2 c5 10. cxd5 Nxd5 11. Nc4 Rc8 12. Rc1 b5 13. Nce5 f6 14. Nxd7 Qxd7
15. dxc5 Rxc5 16. Rxc5 Bxc5 17. Bh3 Re8 18. Qc2 Qc7 19. Rc1 Bb6 20. Qxc7 Nxc7
21. Bd4 Bxd4 22. Nxd4 Re7 23. Rc5 a6 24. e3 g6 25. Kf1 e5 26. Nc6 Bxc6 27. Rxc6
Kf7 28. e4 a5 29. a3 h6 30. Ke1 h5 31. Kd2 Ne6 32. Bxe6+ Rxe6 33. Rc7+ Re7 34.
Rc5 Rb7 35. Kc3 g5 36. h3 a4 37. Kb4 Kg6 38. bxa4 bxa4+ 39. Rb5 Ra7 40. Rb6 g4
41. hxg4 hxg4 42. Kb5 Rd7 43. Kxa4 Rd2 1/2-1/2

[Event "bosnjaci18"]
[Site "Bosnjaci"]
[Date "2018.01.09"]
[Round "9.19"]
[White "Borzan, Andrej"]
[Black "Nikic, Patrick"]
[Result "1/2-1/2"]
[WhiteElo "1750"]
[BlackElo "1989"]
[PlyCount "122"]
[EventDate "2018.??.??"]

1. d4 Nf6 2. c4 e6 3. Nc3 Bb4 4. Qc2 O-O 5. Bg5 c5 6. e3 h6 7. Bh4 cxd4 8. exd4
Nc6 9. Nf3 Be7 10. Be2 d5 11. O-O dxc4 12. Rfd1 b6 13. Bxc4 Bb7 14. a3 Na5 15.
Ba2 Bxf3 16. gxf3 Rc8 17. Qe2 Re8 18. Qb5 Nb7 19. Qa6 Nd6 20. Bg3 Bf8 21. Qd3
g6 22. Ne4 Nd5 23. Be5 Be7 24. Qd2 Nf5 25. Ng3 Bg5 26. Qd3 Nf4 27. Qb3 Nh4 28.
Ne4 Nf5 29. Ng3 Ne7 30. Ne4 Ned5 31. Nd6 Bh4 32. Ne4 h5 33. Qb5 Be7 34. Bxd5
Nxd5 35. Rac1 Rxc1 36. Rxc1 Qa8 37. Qe2 Rc8 38. Qd2 Bf8 39. Nd6 Rc6 40. Ne4 Qc8
41. Rxc6 Qxc6 42. Kg2 a6 43. h3 Kh7 44. Ng5+ Kg8 45. Ne4 a5 46. Kg3 Qb5 47. Kg2
Qc4 48. Kg1 Qb3 49. Kg2 Bg7 50. Bxg7 Kxg7 51. Qg5 Qxb2 52. Qe5+ Kh7 53. Ng5+
Kg8 54. Qb8+ Kg7 55. Qe5+ Kg8 56. Qb8+ Kg7 57. Qe5+ Kf8 58. Qb8+ Kg7 59. Qe5+
Kg8 60. Nxe6 Nf4+ 61. Qxf4 fxe6 1/2-1/2

[Event "bosnjaci18"]
[Site "Bosnjaci"]
[Date "2018.01.09"]
[Round "9.20"]
[White "Kobas, Mihael"]
[Black "Blazeka, Djuro"]
[Result "1-0"]
[WhiteElo "1980"]
[BlackElo "1847"]
[PlyCount "61"]
[EventDate "2018.??.??"]

1. d4 d5 2. c4 e6 3. Nc3 Nf6 4. cxd5 exd5 5. Bg5 Be7 6. e3 O-O 7. Bd3 c6 8. Qc2
Nbd7 9. Nge2 Re8 10. O-O Nf8 11. f3 g6 12. Bh4 Nh5 13. Bf2 c5 14. Qd2 cxd4 15.
Nxd4 Ne6 16. Nxe6 Bxe6 17. Bb5 Rf8 18. Rfd1 Qa5 19. Nxd5 Qxb5 20. Nxe7+ Kg7 21.
Qd4+ Kh6 22. e4 Rad8 23. Be3+ g5 24. Nd5 Bxd5 25. exd5 f5 26. h4 f4 27. hxg5+
Kxg5 28. Qe5+ Kh4 29. Bf2+ Ng3 30. Bxg3+ fxg3 31. Rd4+ 1-0

[Event "bosnjaci18"]
[Site "Bosnjaci"]
[Date "2018.01.09"]
[Round "9.21"]
[White "Grubisic, Ivica"]
[Black "Slobodjanac, Sinisa"]
[Result "1-0"]
[WhiteElo "1942"]
[BlackElo "1803"]
[PlyCount "99"]
[EventDate "2018.??.??"]

1. e4 b6 2. d4 Bb7 3. Bd3 e6 4. Nf3 Nf6 5. Qe2 d5 6. e5 Ne4 7. O-O c5 8. c3 Be7
9. Nbd2 Nxd2 10. Bxd2 c4 11. Bc2 Ba6 12. a3 Nc6 13. h3 Na5 14. Rae1 b5 15. Nh2
Nb3 16. Be3 Qb6 17. f4 g6 18. Ng4 O-O-O 19. Nf6 h5 20. Kh2 Bxf6 21. exf6 Qd6
22. Kh1 Bb7 23. Bxb3 cxb3 24. Qd1 a5 25. Qxb3 Ba6 26. Rf2 Kc7 27. f5 a4 28. Qc2
Kb6 29. Bf4 Qd7 30. fxe6 fxe6 31. Rfe2 Rde8 32. Qxg6 Rhg8 33. Qxh5 Rgf8 34. Qe5
b4 35. Re3 b3 36. g4 Qh7 37. g5 Bd3 38. Qd6+ Kb7 39. Qb4+ Ka8 40. Qxa4+ Kb7 41.
Qxb3+ Ka8 42. Qa4+ Kb7 43. Bd6 Be4+ 44. Kh2 Qf5 45. Qd7+ Ka8 46. Qc6+ Ka7 47.
Bc5+ Kb8 48. Qb6+ Kc8 49. Qa6+ Kd7 50. Qb7+ 1-0

[Event "bosnjaci18"]
[Site "Bosnjaci"]
[Date "2018.01.09"]
[Round "9.22"]
[White "Maroslavac, Ivana"]
[Black "Bogdanic, Katarina"]
[Result "1/2-1/2"]
[WhiteElo "1710"]
[BlackElo "1917"]
[PlyCount "75"]
[EventDate "2018.??.??"]

1. e4 c5 2. Nf3 e6 3. d4 cxd4 4. Nxd4 a6 5. g3 Qc7 6. Bg2 Nf6 7. O-O Be7 8. Be3
O-O 9. Qe2 Nc6 10. c4 d6 11. Nc3 Re8 12. Rac1 Bd7 13. Rfd1 Rac8 14. b3 Qb8 15.
h3 Nxd4 16. Bxd4 Bc6 17. e5 dxe5 18. Bxe5 Qa7 19. Ne4 Bxe4 20. Bxe4 Nxe4 21.
Qxe4 Red8 22. Qg4 Bf8 23. Rc2 Rxd1+ 24. Qxd1 Qc5 25. Bd4 Qf5 26. g4 Qe4 27. Be3
Bb4 28. Rc1 Ba5 29. Qe2 Bc7 30. Rd1 g5 31. f3 Qe5 32. Qf2 h6 33. Rd7 Qa1+ 34.
Kg2 Qe5 35. Kg1 Qa1+ 36. Kg2 Qe5 37. Kg1 Qa1+ 38. Kg2 1/2-1/2

[Event "bosnjaci18"]
[Site "Bosnjaci"]
[Date "2018.01.09"]
[Round "9.24"]
[White "Bekcic, Martin"]
[Black "Mezak, Damir"]
[Result "1-0"]
[WhiteElo "1897"]
[BlackElo "1738"]
[PlyCount "133"]
[EventDate "2018.??.??"]

1. d4 Nf6 2. Nf3 g6 3. Bf4 Bg7 4. e3 O-O 5. Bc4 d6 6. h3 Nbd7 7. O-O c5 8. c3
a6 9. Nbd2 b5 10. Bb3 c4 11. Bc2 Bb7 12. Re1 Nh5 13. Bh2 f5 14. e4 f4 15. Ng5
Qb6 16. Ne6 Rf6 17. Nxg7 Kxg7 18. Nf3 Raf8 19. Qe2 e5 20. Rad1 h6 21. Rd2 g5
22. dxe5 Nxe5 23. Nxe5 dxe5 24. Qxh5 Bc8 25. Bd1 Be6 26. Qe2 g4 27. hxg4 Rg6
28. Kh1 Rxg4 29. f3 Rg3 30. Bxg3 fxg3 31. Qe3 Qb7 32. Kg1 Qf7 33. Kf1 Qh5 34.
Qg1 Rf4 35. Rd6 Kf6 36. Ke2 Ke7 37. Rxa6 Rxe4+ 38. Kd2 Qg5+ 39. Re3 Rh4 40. Bc2
Qh5 41. Re4 Qg5+ 42. Qe3 Rh2 43. Qxg5+ hxg5 44. Rxe5 Rxg2+ 45. Kc1 Rg1+ 46. Bd1
g2 47. Rxg5 Bh3 48. Kd2 Rh1 49. Rag6 Rh2 50. Ke3 Rh1 51. Be2 Kf7 52. Kf2 Rf1+
53. Ke3 Re1 54. Rxg2 Bxg2 55. Rxg2 Rb1 56. Bxc4+ bxc4 57. Kd4 Rf1 58. Kxc4 Rxf3
59. Re2 Rf6 60. b4 Rf4+ 61. Kb3 Rf1 62. a4 Rb1+ 63. Kc4 Ra1 64. a5 Ra3 65. Re3
Ra1 66. Kb5 Rh1 67. a6 1-0